Mini treaure chest of great fairy tales II, book 4. (Record no. 111662)
[ view plain ]
| 000 -LEADER | |
|---|---|
| fixed length control field | 00689nam a2200217 a 4500 |
| 001 - CONTROL NUMBER | |
| control field | 1651 |
| 005 - DATE AND TIME OF LATEST TRANSACTION | |
| control field | 20140414131919.0 |
| 008 - FIXED-LENGTH DATA ELEMENTS--GENERAL INFORMATION | |
| fixed length control field | 010404s19uu xx 00 eng d |
| 050 ## - LIBRARY OF CONGRESS CALL NUMBER | |
| Classification number | ER |
| Item number | M66 Vol.2 |
| 245 ## - TITLE STATEMENT | |
| Title | Mini treaure chest of great fairy tales II, book 4. |
| 260 ## - PUBLICATION, DISTRIBUTION, ETC. (IMPRINT) | |
| Place of publication, distribution, etc | Montreal, Canada : |
| Name of publisher, distributor, etc | Tormont Publications, |
| Date of publication, distribution, etc | [n.d.] |
| 300 ## - PHYSICAL DESCRIPTION | |
| Extent | 16 p. : ill. ; cm. |
| 440 ## - SERIES STATEMENT/ADDED ENTRY--TITLE | |
| Title | The Mini Treasure Chest of Great Fairy Tales. |
| 500 ## - GENERAL NOTE | |
| General note | Book 4: The Tin Soldier; The Lion Goes to War; The Adventures of Tom Thumb; The Horse and the Donkey. |
| 650 ## - SUBJECT ADDED ENTRY--TOPICAL TERM | |
| Topical term or geographic name as entry element | Children's stories. |
| 650 ## - SUBJECT ADDED ENTRY--TOPICAL TERM | |
| Topical term or geographic name as entry element | Fairy Tales. |
| Withdrawn status | Lost status | Damaged status | Use restrictions | Home library | Current library | Shelving location | Date acquired | Source of acquisition | Total Checkouts | Full call number | Barcode | Date last seen | Price effective from | Koha item type |
|---|---|---|---|---|---|---|---|---|---|---|---|---|---|---|
| Munich Library | Munich Library | Easy Reading Section | 12/21/2004 | ER M66 Vol.2 | M2517 | 04/14/2014 | 04/14/2014 | Books | ||||||
| Munich Library | Munich Library | Easy Reading Section | 12/21/2004 | ER M66 Vol.2 | M2516 | 04/14/2014 | 04/14/2014 | Books | ||||||
| Munich Library | Munich Library | Easy Reading Section | 12/21/2004 | ER M66 Vol.2 | M2515 | 04/14/2014 | 04/14/2014 | Books | ||||||
| Munich Library | Munich Library | Easy Reading Section | 12/21/2004 | ER M66 Vol.2 | M2514 | 04/14/2014 | 04/14/2014 | Books |